000 00599nam a2200217Ia 4500
008 101110s9999 xx 000 0 und d
041 _aENGLISH
082 _bSR27883
100 _aDesai Vasant
245 _aDynamics of interpreneurial development and management
260 _c2005
_bHimalaya, Mumbai
300 _a742
365 _b315
520 _aCommerce
546 _aENGLISH
630 _aDynamics of interpreneurial development and management
650 _aCommerce
655 _aCommerce
730 _aDynamics of interpreneurial development and management
942 _cBOOK
999 _c820433
_d820430